[Event "Rio de Janeiro Euwe Memorial 2nd"]
[Site "Rio de Janeiro"]
[Date "2015.08.16"]
[Round "2"]
[White "Fernandez, Diego"]
[Black "Perez, Jamil"]
[Result "1/2-1/2"]
[WhiteElo "2133"]
[BlackElo "2028"]
[PlyCount "49"]
[EventDate "2015.08.15"]
[EventType "swiss"]
[EventRounds "7"]
[EventCountry "BRA"]
[SourceTitle "EXT 2016"]
[Source "ChessBase"]
[SourceDate "2015.10.08"]
[SourceVersion "1"]
[SourceVersionDate "2015.10.08"]
[SourceQuality "1"]

1. e4 e5 2. Nf3 Nf6 3. Nxe5 d6 4. Nf3 Nxe4 5. d4 d5 6. Bd3 Bd6 7. Be3 Be6 8. 0-0 0-0 9. Nbd2 f5 10. c4 Nxd2 11. Nxd2 Nd7 12. c5 Bxh2+ 13. Kxh2 f4 14. Qf3 fxe3 15. Qxe3 Qh4+ 16. Kg1 Rae8 17. Rae1 Bf7 18. Qh3 Qxh3 19. gxh3 Bh5 20. Rxe8 Rxe8 21. c6 bxc6 22. Rc1 Re6 23. Bf5 Rd6 24. Bxd7 Rxd7 25. Rxc6 1/2-1/2

[Event "Rio de Janeiro Nezhmetdinov Memorial"]
[Site "Rio de Janeiro"]
[Date "2015.04.26"]
[Round "7"]
[White "Vieira, Icaro Antonio Geral"]
[Black "Perez, Jamil"]
[Result "1/2-1/2"]
[WhiteElo "2024"]
[BlackElo "2022"]
[PlyCount "26"]
[EventDate "2015.04.23"]
[EventType "swiss"]
[EventRounds "7"]
[EventCountry "BRA"]
[SourceTitle "CBM 166 Extra"]
[Source "ChessBase"]
[SourceDate "2015.06.18"]
[SourceVersion "1"]
[SourceVersionDate "2015.06.18"]
[SourceQuality "1"]

1. e4 e5 2. Nf3 Nc6 3. Bb5 a6 4. Bxc6 dxc6 5. 0-0 f6 6. d3 Be6 7. Qe2 Bc5 8. Nc3 Ne7 9. Be3 Bxe3 10. Qxe3 0-0 11. Rad1 Bg4 12. Rfe1 Bxf3 13. Qxf3 c5 1/2-1/2

[Event "Rudolf Spielmann Memorial"]
[Site "Rio de Janeiro"]
[Date "2015.01.28"]
[Round "4"]
[White "Juer, Jayme Jacob E"]
[Black "Perez, Jamil"]
[Result "1-0"]
[WhiteElo "2142"]
[BlackElo "2028"]
[PlyCount "69"]
[EventDate "2015.01.27"]
[EventType "swiss"]
[EventRounds "7"]
[EventCountry "BRA"]
[SourceTitle "EXT 2016"]
[Source "ChessBase"]
[SourceDate "2015.10.08"]
[SourceVersion "1"]
[SourceVersionDate "2015.10.08"]
[SourceQuality "1"]

1. e4 Nf6 2. Nc3 d5 3. e5 d4 4. Nce2 Ne4 5. c3 dxc3 6. bxc3 Bf5 7. d4 c5 8. f3 Nxc3 9. Nxc3 cxd4 10. Ne4 e6 11. Bd3 Bb4+ 12. Bd2 Bxd2+ 13. Qxd2 0-0 14. Ne2 Nc6 15. f4 f6 16. exf6 gxf6 17. 0-0 Rc8 18. N2g3 Bxe4 19. Nxe4 Qe7 20. Bc4 Kh8 21. Rac1 Rfe8 22. Bb3 Rg8 23. f5 exf5 24. Bxg8 fxe4 25. Bd5 e3 26. Qd3 Rd8 27. Bxc6 bxc6 28. Rxc6 e2 29. Re1 Qe3+ 30. Qxe3 dxe3 31. g3 Rd1 32. Rc1 Rd2 33. Kg2 Rxa2 34. Kf3 Kg7 35. Rxe2 1-0

[Event "Rio de Janeiro Tronador"]
[Site "Rio de Janeiro"]
[Date "2014.06.14"]
[Round "4"]
[White "Borensztajn, David"]
[Black "Perez, Jamil"]
[Result "1-0"]
[WhiteElo "1855"]
[BlackElo "2173"]
[PlyCount "85"]
[EventDate "2014.06.13"]
[EventType "tourn"]
[EventRounds "7"]
[EventCountry "BRA"]
[SourceTitle "EXT 2016"]
[Source "ChessBase"]
[SourceDate "2015.10.08"]
[SourceVersion "1"]
[SourceVersionDate "2015.10.08"]
[SourceQuality "1"]

1. d4 f5 2. g4 fxg4 3. Bf4 Nf6 4. h3 g3 5. Bxg3 d5 6. Bg2 Bf5 7. c4 c6 8. Nc3 e6 9. Qb3 Qb6 10. c5 Qxb3 11. axb3 Nbd7 12. b4 Ne4 13. Nxe4 dxe4 14. e3 Nf6 15. Ne2 Nd5 16. Nc3 Nxc3 17. bxc3 Be7 18. c4 Bd8 19. Ke2 a5 20. Bd6 a4 21. Ra3 Kd7 22. Bg3 e5 23. Bxe5 Rf8 24. b5 Bh4 25. f4 g5 26. Rb1 gxf4 27. Bxf4 Rg8 28. Bf1 Bg3 29. bxc6+ bxc6 30. Rb7+ Ke6 31. Rb6 Kd7 32. d5 Bxf4 33. exf4 Rgc8 34. Rb7+ Rc7 35. Rxc7+ Kxc7 36. Ke3 Ra5 37. Kd4 e3 38. d6+ Kd7 39. Be2 Be6 40. h4 Bf5 41. Bf3 Be6 42. f5 Bxf5 43. Rxe3 1-0

[Event "Sao Paulo Batalha 1st"]
[Site "Sao Paulo"]
[Date "2014.02.26"]
[Round "6"]
[White "Cunha, Eduardo Arruda da G"]
[Black "Perez, Jamil"]
[Result "1-0"]
[WhiteElo "2248"]
[BlackElo "2205"]
[PlyCount "81"]
[EventDate "2014.02.24"]
[EventType "tourn"]
[EventRounds "9"]
[EventCountry "BRA"]
[SourceTitle "CBM 159 Extra"]
[Source "ChessBase"]
[SourceDate "2014.04.24"]
[SourceVersion "1"]
[SourceVersionDate "2014.04.24"]
[SourceQuality "1"]

1. e4 c5 2. Nf3 d6 3. d4 cxd4 4. Nxd4 Nf6 5. Nc3 g6 6. Be3 Bg7 7. f3 Nc6 8. Qd2 0-0 9. Bc4 Bd7 10. Bb3 Qa5 11. h4 Rfc8 12. h5 Nxh5 13. g4 Nf6 14. 0-0-0 Ne5 15. Bh6 Bh8 16. Kb1 Rxc3 17. Qxc3 Qxc3 18. bxc3 Bxg4 19. fxg4 Nxe4 20. Rdg1 Nxc3+ 21. Kc1 e6 22. Bd2 Ne4 23. Nxe6 fxe6 24. Bxe6+ Kg7 25. Be3 Re8 26. Bd5 Nc3 27. Bh6+ Kf6 28. Rf1+ Ke7 29. Bg5+ Kd7 30. Rxh7+ Kc8 31. Bxb7+ Kb8 32. Bd2 Nxa2+ 33. Kb2 Nc4+ 34. Kxa2 Nxd2 35. Rff7 Bd4 36. Bc6 Rg8 37. Rb7+ Kc8 38. Rhc7+ Kd8 39. Rf7 Kc8 40. Rbc7+ Kd8 41. Rfd7+ 1-0

[Event "Sao Paulo Batalha 1st"]
[Site "Sao Paulo"]
[Date "2014.02.25"]
[Round "4"]
[White "Cunha, Mario Viola"]
[Black "Perez, Jamil"]
[Result "1-0"]
[WhiteElo "2291"]
[BlackElo "2205"]
[PlyCount "87"]
[EventDate "2014.02.24"]
[EventType "tourn"]
[EventRounds "9"]
[EventCountry "BRA"]
[SourceTitle "CBM 159 Extra"]
[Source "ChessBase"]
[SourceDate "2014.04.24"]
[SourceVersion "1"]
[SourceVersionDate "2014.04.24"]
[SourceQuality "1"]

1. e4 c5 2. Nf3 d6 3. d4 cxd4 4. Nxd4 Nf6 5. Nc3 g6 6. Be3 Bg7 7. f3 0-0 8. Qd2 Nc6 9. Bc4 Bd7 10. 0-0-0 Nxd4 11. Bxd4 Qa5 12. g4 Rfc8 13. Bb3 a6 14. g5 Nh5 15. Nd5 Qxd2+ 16. Rxd2 Re8 17. Bxg7 Kxg7 18. Nc7 Rac8 19. Nxe8+ Bxe8 20. Rg1 Nf4 21. Rg4 Nh5 22. f4 Rc5 23. Bd5 b5 24. e5 dxe5 25. b4 Rc3 26. fxe5 Bd7 27. Kb2 Rc7 28. Rh4 Bc6 29. c4 Bxd5 30. cxd5 Rd7 31. d6 e6 32. Rc2 Rd8 33. Rc6 h6 34. gxh6+ Kxh6 35. Rxa6 Kg5 36. Re4 Nf4 37. Rb6 Kf5 38. Rxf4+ Kxf4 39. Rxb5 g5 40. a4 Kf3 41. a5 Kg2 42. a6 Kxh2 43. a7 Ra8 44. d7 1-0

[Event "Sao Paulo Batalha 1st"]
[Site "Sao Paulo"]
[Date "2014.02.25"]
[Round "3"]
[White "Perez, Jamil"]
[Black "Rangel, Daniel"]
[Result "0-1"]
[WhiteElo "2205"]
[BlackElo "2231"]
[PlyCount "68"]
[EventDate "2014.02.24"]
[EventType "tourn"]
[EventRounds "9"]
[EventCountry "BRA"]
[SourceTitle "CBM 159 Extra"]
[Source "ChessBase"]
[SourceDate "2014.04.24"]
[SourceVersion "1"]
[SourceVersionDate "2014.04.24"]
[SourceQuality "1"]

1. e4 c5 2. Nf3 g6 3. d4 cxd4 4. Qxd4 Nf6 5. e5 Nc6 6. Qa4 Nd5 7. Qe4 Ndb4 8. c3 d5 9. Qe2 Na6 10. Bf4 Nc5 11. Qc2 Ne6 12. Bg3 Bg7 13. Be2 0-0 14. 0-0 d4 15. cxd4 Nexd4 16. Qd2 Nxf3+ 17. Bxf3 Qxd2 18. Nxd2 Nxe5 19. Bxe5 Bxe5 20. Rae1 Bf6 21. b3 Rd8 22. Nc4 Rb8 23. Rd1 Be6 24. Ne3 Bd4 25. Nc2 Bc5 26. Rfe1 Rbc8 27. Rxd8+ Rxd8 28. Ne3 Bxe3 29. Rxe3 Rd2 30. a4 Rb2 31. h3 Rb1+ 32. Kh2 Rxb3 33. Rxb3 Bxb3 34. Bxb7 Bxa4 0-1

[Event "Natal CC op"]
[Site "Natal"]
[Date "2013.12.28"]
[Round "4"]
[White "Elci, Pereira Diniz"]
[Black "Perez, Jamil"]
[Result "1-0"]
[WhiteElo "2284"]
[BlackElo "2231"]
[PlyCount "115"]
[EventDate "2012.12.26"]
[EventType "swiss"]
[EventRounds "6"]
[EventCountry "BRA"]
[SourceTitle "EXT 2016"]
[Source "ChessBase"]
[SourceDate "2015.10.08"]
[SourceVersion "1"]
[SourceVersionDate "2015.10.08"]
[SourceQuality "1"]

1. d4 e6 2. c4 Nf6 3. Nf3 c5 4. d5 exd5 5. cxd5 d6 6. Nc3 a6 7. a4 Be7 8. e4 0-0 9. Be2 Re8 10. 0-0 Bg4 11. Nd2 Bxe2 12. Qxe2 Bf8 13. f3 Nbd7 14. Nc4 Ne5 15. b3 Nxc4 16. bxc4 Nd7 17. Nd1 g6 18. Nf2 Bg7 19. Bb2 Bxb2 20. Qxb2 Rb8 21. a5 b6 22. Qc3 b5 23. cxb5 axb5 24. Ng4 Qh4 25. a6 Ne5 26. Nxe5 Rxe5 27. a7 Ra8 28. Qa5 b4 29. Qc7 Qf6 30. Qb8+ Re8 31. Qb6 Kg7 32. Rfb1 h5 33. Qc6 h4 34. Ra6 Rec8 35. Qxd6 Qxd6 36. Rxd6 Rc7 37. Rc6 Rxc6 38. dxc6 Rxa7 39. Rc1 Kf6 40. Rxc5 b3 41. c7 b2 42. c8Q b1Q+ 43. Rc1 Qd3 44. Qh8+ Ke6 45. Kh1 Rd7 46. h3 Qd6 47. Qxh4 Rc7 48. Ra1 Qd4 49. Ra6+ Kd7 50. Qf4 Kc8 51. Kh2 Kb7 52. Rd6 Qc5 53. e5 Re7 54. Qe4+ Kc7 55. f4 Re6 56. Rd5 Qc6 57. Qd4 Kb8 58. Qb4+ 1-0